Loreto College Library, Kolkata
WEBOPAC (ONLINE PUBLIC ACCESS CATALOGUE)

The life of Pasteur (Record no. 13863)

MARC details
000 -LEADER
fixed length control field 00707nam a2200229Ia 4500
005 - DATE AND TIME OF LATEST TRANSACTION
control field 20230811151138.0
008 - FIXED-LENGTH DATA ELEMENTS--GENERAL INFORMATION
fixed length control field 131103s9999 xx 000 0 und d
040 ## - CATALOGING SOURCE
Original cataloging agency Loreto College
041 ## - LANGUAGE CODE
Language code English
082 ## - DDC | ডিউই
Classification number | বর্গসংখ্যা 920
Book Number | গ্রন্থাঙ্ক PAS-VAL
100 ## - MAIN ENTRY--PERSONAL NAME | মুখ্য সংলেখ - ব্যাক্তিনাম
Personal name | ব্যাক্তিনাম Vallery - Radot, Rene
245 #4 - TITLE STATEMENT | অাখ্যা বিবরণী
Title | অাখ্যা The life of Pasteur
Statement of responsibility | লেখকের দায়িত্বের বিবরণ Rene Vallery-Radot;translated from the French by R.L.Devonshire; with an introduction by William Osler Bart
260 ## - IMPRINT | প্রকাশনা ক্ষেত্র
Place of publication | প্রকাশ স্থান London
Name of publisher | প্রকাশকের নাম Constable & Co.
Date of publication | প্রকাশ কাল 1901 (1948 printing)
300 ## - PHYSICAL DESCRIPTION |
Page / Vol. No | পৃষ্ঠা / খন্ড সংখ্যা xxi,484 p.
504 ## - BIBLIOGRAPHY, ETC. NOTE
Bibliography, etc Includes index
630 ## - SUBJECT ADDED ENTRY--UNIFORM TITLE
Uniform title Scientist - Biography
650 ## - SUBJECT ADDED ENTRY--TOPICAL TERM | বিষয় শিরোনাম - মূল বিষয়
Topical term | মূল বিষয় Pasteur,Louis-Biography
651 ## - SUBJECT ADDED ENTRY--GEOGRAPHIC NAME | বিষয় শিরোনাম - ভৌগলিক নাম
Geographic name | ভৌগলিক বিষয় Biography
700 ## - ADDED ENTRY--PERSONAL NAME | অতিরিক্ত সংলেখ - ব্
Relator code | দায়িত্ব নির্দেশক tr.
Personal name | ব্যাক্তিনাম Devenshire,R.L.
850 ## - HOLDING INSTITUTION
Holding institution LCLIB
942 ## - ADDED ENTRY ELEMENTS (KOHA)
Koha item type Books
Holdings
Withdrawn status Lost status Source of classification Damaged status Not for loan Home library Current library Date acquired Total Checkouts Full call number Accession No. Date last seen Price effective from Koha item type Coded location qualifier
    Dewey Decimal Classification     Loreto College Loreto College 04/11/2013   920 PAS-VAL B13890 04/11/2013 04/11/2013 Books